000 01451nam a22002297a 4500
999 _c58941
_d58941
003 Ge_BSU
005 20221021142934.0
008 221021s2006 ge ||||| |||| 00| 0 geo d
041 _ageo
080 _a2(479.2)(042.4)+008(479.2)+94(=353.1)(042.4) ჩ-69
100 _aჩიქოვანი, ნინო
_92906
245 _aრელიგია და კულტურა სამხრეთ კავკასიაში :
_b სალექციო კურსი სოც. მეცნ. მაგისტრატურისათვის /
_cნინო ჩიქოვანი ; [მთ. რედ.: მარინე ჩიტაშვილი, ენობრ. რედ.: ლია კაჭარავა].
264 _aთბ. :
_bსოციალურ მეცნიერებათა ცენტრი,
_c2006.
300 _a 116 გვ. ;
_b29 სმ.
490 _aსოციალურ მეცნიერებათა სერია
504 _aბიბლიოგრ. ტექსტ. შენიშვნ.
520 _a რეზ. ინგლ. ენ.
653 _aრელიგია სამხრეთ კავკასიაში
653 _aსამხრეთ კავკასიის კულტურა. ქართველები
700 _aმარინე ჩიტაშვილი,
_eრედაქტორი
_915453
942 _2udc
_cBK